00490 2200205 4500001002100000008004100021035002000062245005100082100001800133250000600151260003200157300001100189084001400200082000800214650001400222990001200236990001200248990001200260990001200272INLIS000000000000506 ind  a0010-0424000482 aBook Of Knowledge; Seni & BudayacSue Becklake aBecklake, Sue a1 aBandung :bPakar Rayac2015 a68 hlm a700 SUE b a700 aNon Fiksi a0722044 a0722045 a0722046 a0722047